[Event "Eurasia Cup op"]
[Site "Ekaterinburg"]
[Date "2019.08.02"]
[Round "3"]
[White "Davtyan, Artur"]
[Black "Fomin, Pavel V"]
[Result "1-0"]
[WhiteElo "2440"]
[BlackElo "2103"]
[PlyCount "89"]
[EventDate "2019.07.31"]
[EventType "swiss"]
[EventRounds "9"]
[EventCountry "RUS"]
[SourceTitle "CBM 191 Extra"]
[Source "ChessBase"]
[SourceDate "2019.09.30"]
[SourceVersion "1"]
[SourceVersionDate "2019.09.30"]
[SourceQuality "1"]

1. d4 c5 2. d5 Nf6 3. Nc3 e6 4. e4 exd5 5. e5 Ng8 6. Qxd5 Ne7 7. Qe4 a6 8. Bc4 d5 9. Nxd5 Nbc6 10. Nxe7 Bxe7 11. Nf3 Be6 12. Be3 Qb6 13. Bxe6 fxe6 14. 0-0 0-0 15. c3 Rf5 16. Rad1 Qc7 17. Bf4 Raf8 18. Bg3 b5 19. Rd2 Rd8 20. Rxd8+ Bxd8 21. Rd1 Be7 22. h4 g6 23. Bf4 Rf8 24. Bg5 Rd8 25. Rxd8+ Bxd8 26. Bxd8 Nxd8 27. Qa8 h6 28. Qxa6 Qd7 29. Qd6 Qxd6 30. exd6 Nb7 31. d7 Kf7 32. Ne5+ Ke7 33. f4 c4 34. Nxg6+ Kxd7 35. Ne5+ Ke7 36. Nc6+ Kf6 37. Nd4 Nd6 38. g4 e5 39. g5+ hxg5 40. hxg5+ Ke7 41. fxe5 Nf7 42. Nf3 Ke6 43. g6 Nh6 44. Kf2 Kf5 45. g7 1-0

[Event "RUS-ch Eurasia Cup op"]
[Site "Ekaterinburg"]
[Date "2018.08.09"]
[Round "8"]
[White "Fomin, Pavel V"]
[Black "Dubnikova, Anastasia"]
[Result "1-0"]
[WhiteElo "2056"]
[BlackElo "1941"]
[PlyCount "115"]
[EventDate "2018.08.01"]
[EventType "swiss"]
[EventRounds "9"]
[EventCountry "RUS"]
[SourceTitle "CBM 185 Extra"]
[Source "ChessBase"]
[SourceDate "2018.07.29"]
[SourceVersion "1"]
[SourceVersionDate "2018.07.29"]
[SourceQuality "1"]

1. c4 e6 2. g3 d5 3. Bg2 Nf6 4. Nf3 Be7 5. 0-0 0-0 6. b3 b6 7. Bb2 Bb7 8. e3 c5 9. Nc3 Nc6 10. cxd5 exd5 11. d4 Rc8 12. Rc1 a6 13. Ne5 Nxe5 14. dxe5 Ne4 15. Nxe4 dxe4 16. Qg4 f5 17. exf6 Bxf6 18. Rcd1 Qe8 19. Rd7 Rf7 20. Rxf7 Qxf7 21. Bxf6 Qxf6 22. Bxe4 h5 23. Qd7 Bxe4 24. Qxc8+ Kh7 25. f3 Bf5 26. Qe8 Bg6 27. Qd7 Qc3 28. e4 b5 29. Rf2 c4 30. Qd2 Qa1+ 31. Kg2 Qe5 32. bxc4 bxc4 33. Qb2 Qc5 34. Qc3 Bf7 35. f4 h4 36. g4 Qe7 37. Qd4 Qa3 38. Qb2 Qd3 39. Qc2 h3+ 40. Kg1 Qe3 41. Qe2 Qd4 42. Qd2 Qb6 43. Qd1 c3 44. Qd3 Qc5 45. Qxh3+ Kg8 46. Qd3 Bxa2 47. Qc2 Be6 48. f5 Bd7 49. Kg2 Qd4 50. Rf3 Bc6 51. Qxc3 Qxe4 52. Kg3 a5 53. Rf2 a4 54. f6 gxf6 55. Qxf6 Qe3+ 56. Kh4 Bd5 57. Qg6+ Kh8 58. Rf8+ 1-0